| 000 | 00395nam a22001337a 4500 | ||
|---|---|---|---|
| 005 | 20230818100034.0 | ||
| 008 | 230818b |||||||| |||| 00| 0 eng d | ||
| 040 | _aLoreto college | ||
| 041 | _aEnglish | ||
| 082 |
_a396 _bBOS |
||
| 245 |
_aPosition of women informal sector workers in three slums of Bidhannagar 24 parganas(N) West Bengal _ba comparative study |
||
| 850 | _aLCLIB | ||
| 942 | _cBK | ||
| 999 |
_c43508 _d93987 |
||